|
|
|
|
| LEADER |
01724nam a2200457 a 4500 |
| 001 |
nkc20142564233 |
| 003 |
CZ PrNK |
| 005 |
20140603154431.0 |
| 007 |
ta |
| 008 |
140205s2013 xr a e 100 0 cze |
| 015 |
|
|
|a cnb002564233
|
| 020 |
|
|
|a 978-80-01-05438-3
|q (brož.)
|
| 035 |
|
|
|a (OCoLC)879564587
|
| 040 |
|
|
|a OLA001
|b cze
|
| 041 |
0 |
|
|a cze
|b cze
|b eng
|
| 072 |
|
7 |
|a 316.4/.7
|x Sociální interakce. Sociální komunikace
|2 Konspekt
|9 18
|
| 080 |
|
|
|a 316.64:659.3
|2 MRF
|
| 080 |
|
|
|a 323.233
|2 MRF
|
| 080 |
|
|
|a 001.2
|2 MRF
|
| 080 |
|
|
|a (062.534)
|2 MRF
|
| 111 |
2 |
|
|a Deklarace
|d (2013 :
|c Praha, Česko)
|7 olak2014808040
|
| 245 |
1 |
0 |
|a Deklarace :
|b [sborník příspěvků z kolokvia 14.11.2013 /
|c editoval[a] Ivana Dvořáková]
|
| 250 |
|
|
|a Vyd. 1.
|
| 260 |
|
|
|a Praha :
|b České vysoké učení technické v Praze,
|c 2013
|
| 300 |
|
|
|a 58 s. :
|b il. ;
|c 25 cm
|
| 500 |
|
|
|a Název z obálky
|
| 500 |
|
|
|a Mezioborové kolokvium uspořádala katedra společenských věd ČVUT
|
| 500 |
|
|
|a 100 výt.
|
| 504 |
|
|
|a Obsahuje bibliografii a bibliografické odkazy
|
| 546 |
|
|
|a Anglická a česká resumé
|
| 650 |
0 |
7 |
|a deklarace
|7 ph817349
|x mezioborový kontext
|2 czenas
|
| 650 |
0 |
9 |
|a declarations
|x interdisciplinary context
|2 eczenas
|
| 655 |
|
7 |
|a sborníky konferencí
|7 fd133333
|2 czenas
|
| 655 |
|
9 |
|a proceedings of conferences
|2 eczenas
|
| 700 |
1 |
|
|a Dvořáková, Ivana
|7 ola2014808035
|4 edt
|
| 710 |
2 |
|
|a České vysoké učení technické v Praze.
|b Katedra společenských věd
|7 kn20021217005
|
| 910 |
2 |
|
|a BOA001
|b 3-1328.099
|
| 990 |
|
|
|a BK
|
| 995 |
|
|
|a 01
|
| 991 |
|
|
|b 201406
|c NOV
|e n
|
| 996 |
6 |
|
|b 2610593229
|c 3-1328.099
|l MZK
|r Sklad / do 1 hodiny
|n 0
|p p.v.
|w 001426832
|u 000010
|a 1
|e BOA001
|j MZK50
|s P
|